00882nam a2200193Ia 4500003000900000008004100009040001600050080002400066100001800090111013400108245027200242260002000514300001400534490005600548650004100604650001500645650002000660650000800680IN-BaIIA211028s9999 xx 000 0 eng d cIIA Library a524.316(082.2)bDUP aDupree, A. K. aWorkshop on Cool Stars, Stellar Systems and the SuncHarvard-Smithsonian Centre for Astrophysics Cambridge MA 02138d1980 Jan. 31 0aCool stars,stellar systems and the sunbproceedings of a workshop on cool stars,stellar systems and the sun, held in the Harvard-Smithsonian Centre for Astrophysics Cambridge MA 02138, on January 31, 1980cA. K. Dupree  aCambridgec1980 avii,237p. aResearch in Space Science,SAO Special Report no.389 aAstronomy and Astrophysics Thesaurus aCool stars aStellar Systems aSun